000 00509nam a2200181Ia 4500
008 090124s9999 xx 000 0 und d
082 _b37684
100 _aफडके य. दि.
245 _a स्मरणरेखा
250 _a1
260 _bशब्द प्रकाशन
_c1999
300 _a118
600 _aफडके य. दि.
630 _a स्मरणरेखा
700 _aफडके य. दि.
730 _a स्मरणरेखा
942 _cBOOK
999 _c103756
_d103756